Oceania - Match the Island to the Country - Statistics

General Stats
  • This quiz has been taken 24 times
  • The average score is 12 of 16
Answer Stats
Island Country/Territory % Correct
Guadalcanal Solomon Islands
95%
Kangaroo Australia
90%
Bouganville Papua New Guinea
90%
Tongatapu Tonga
90%
Viti Levu Fiji
85%
Vanua Levu Fiji
80%
Stewart New Zealand
80%
Savai'i Samoa
75%
Tarawa Kiribati
70%
Bora Bora French Polynesia
65%
Waiheke New Zealand
65%
Rarotonga Cook Islands
60%
Grande Terre New Caledonia
60%
Efate Vanuatu
60%
Tutuila American Samoa
45%
Aitutaki Cook Islands
45%
No matching quizzes found
Score Distribution
Percent of People with Each Score
Percentile by Number Answered
Your Score History
You have not taken this quiz